| 000 | 00523nam a2200193Ia 4500 | ||
|---|---|---|---|
| 005 | 20250425161215.0 | ||
| 008 | 250425s9999 xx 000 0 und d | ||
| 041 | _aeng | ||
| 082 | _a621.381 | ||
| 110 | _aELECTRONICS ENGINEERS OF THE WESTINGHOUSE ELECTRIC CORPORATION | ||
| 245 | 0 | _aINDUSTRIAL ELECTRONICS REFERENCE BOOK | |
| 250 | _a6ST ED. | ||
| 260 |
_aEstados Unidos _bJOHN WILEY AND SONS _c1963 |
||
| 260 | _aNEW YORK | ||
| 300 | _a675 | ||
| 650 | _aELECTRONICA INDUSTRIAL | ||
| 942 | _c01 | ||
| 010 | _a15068 | ||
| 999 |
_c204555 _d204555 |
||